| 000 | 00525nam a22001817a 4500 | ||
|---|---|---|---|
| 999 |
_c181574 _d181574 |
||
| 005 | 20210923164205.0 | ||
| 010 | _aENG-129960 | ||
| 020 |
_c495.00 _a978-93-5388-728-5 |
||
| 035 | _aEN-113492 | ||
| 037 | _bDBAD/PUB | ||
| 082 | _a158.1 | ||
| 100 | _aSackrule,Arthur A. | ||
| 245 |
_aGraceful living 50 reflections for a harmonious life : _cArthur A. Sackrule |
||
| 260 |
_bSage _c2021 |
||
| 270 |
_bNew Delhi _aBI/1-1 Mohan Cooperative Industrial Area _e110044 |
||
| 300 |
_axvii,268p. _c25cm (pbk) |
||
| 942 |
_2ddc _cEN _mSAC |
||